| 000 | 00774nam a2200229 i 4500 | ||
|---|---|---|---|
| 001 | 44445 | ||
| 003 | ES-MaACL | ||
| 005 | 20250927103226.0 | ||
| 007 | t| | ||
| 008 | 030321s1973 sp ||||1| spa d | ||
| 100 | 1 |
_aClement, J. M. _939181 |
|
| 245 | 1 | 3 |
_aLa agricultura del futuro... / _cpor J.M. Clement y J. Ferrán Lamich ; epílogo de D. Pagés Raventos ; prólogo de: Pierre Deffontaines. |
| 250 | _a[1ª ed.]. | ||
| 260 |
_aBarcelona : _bGEA, _c1973. |
||
| 300 |
_a207 p. : _bil. ; _c22 cm. |
||
| 650 | 0 | 7 |
_aAgricultura _2embne _99670 |
| 700 | 1 |
_aFerrán Lamich, José. _950246 |
|
| 700 | 1 |
_aPagés Raventós, Daniel. _988289 |
|
| 700 | 1 |
_aDeffontaines, Pierre, _d1894-1978 _943201 |
|
| 852 |
_aES-MaACL _jC-52369 _bR.85880 |
||
| 999 |
_c44445 _d44445 |
||